[Event "Hastings Challengers 1995/96"]
[Site "Hastings"]
[Date "1996.01.05"]
[Round "9"]
[White "Parker, Jonathan F"]
[Black "Trzaska, Peter"]
[Result "1-0"]
[WhiteElo "2415"]
[BlackElo "2200"]
[PlyCount "57"]
[EventDate "1995.12.28"]
[EventType "swiss"]
[EventRounds "11"]
[EventCountry "ENG"]
[SourceTitle "BritBase"]
[Source "John Saunders"]
[SourceDate "2025.01.31"]
[SourceVersion "1"]
[SourceVersionDate "2025.01.31"]
[SourceQuality "1"]

1. d4 c5 2. d5 e5 3. e4 d6 4. c4 Be7 5. Nc3 Bg5 6. Bd3 Bxc1 7. Qxc1 Ne7 8. a3 Na6 9. Nge2 Ng6 10. g3 Bh3 11. Qe3 Nc7 12. f4 exf4 13. gxf4 Qh4+ 14. Qg3 O-O-O 15. O-O-O Qxg3 16. hxg3 Bg4 17. Rde1 h5 18. e5 dxe5 19. Bxg6 fxg6 20. fxe5 g5 21. Rhf1 Rdf8 22. e6 Kd8 23. Nf4 Rf6 24. Nd3 b6 25. Ne5 Ke8 26. Ne4 Rxf1 27. Rxf1 Bh3 28. Nd6+ Kd8 29. Rf7 1-0

[Event "Hastings Challengers 1995/96"]
[Site "Hastings"]
[Date "1996.01.05"]
[Round "9"]
[White "Paschall, William M"]
[Black "Jaksland, Tim"]
[Result "1-0"]
[WhiteElo "2330"]
[BlackElo "2240"]
[PlyCount "77"]
[EventDate "1995.12.28"]
[EventType "swiss"]
[EventRounds "11"]
[EventCountry "ENG"]
[SourceTitle "BritBase"]
[Source "John Saunders"]
[SourceDate "2025.01.31"]
[SourceVersion "1"]
[SourceVersionDate "2025.01.31"]
[SourceQuality "1"]

1. d4 g6 2. c4 Bg7 3. e4 d6 4. Nc3 Nc6 5. d5 Nd4 6. Be3 c5 7. Nge2 Qb6 8. Na4 Qa5+ 9. Bd2 Qd8 10. Nxd4 Bxd4 11. Bc3 Bxc3+ 12. Nxc3 Nf6 13. Be2 O-O 14. O-O a6 15. Qd2 Bd7 16. a4 e5 17. dxe6 Bxe6 18. f4 Qe7 19. Rae1 Rad8 20. Bd3 Qc7 21. f5 Bc8 22. Qg5 Qe7 23. Rf3 Kg7 24. Rh3 Ng8 25. Qg3 Qe5 26. Qh4 h6 27. Rf1 g5 28. Qh5 f6 29. Qg6+ Kh8 30. Rxh6+ Nxh6 31. Qxh6+ Kg8 32. Qg6+ Kh8 33. Rf3 g4 34. Qh5+ Kg7 35. Qxg4+ Kf7 36. Qg6+ Ke7 37. Nd5+ Kd7 38. Qg7+ Ke8 39. Nc7# 1-0

[Event "Hastings Challengers 1995/96"]
[Site "Hastings"]
[Date "1996.01.05"]
[Round "9"]
[White "Pilgaard, Kim"]
[Black "Tagnon, Nicole"]
[Result "1-0"]
[WhiteElo "2315"]
[BlackElo "2105"]
[PlyCount "80"]
[EventDate "1995.12.28"]
[EventType "swiss"]
[EventRounds "11"]
[EventCountry "ENG"]
[SourceTitle "BritBase"]
[Source "John Saunders"]
[SourceDate "2025.01.31"]
[SourceVersion "1"]
[SourceVersionDate "2025.01.31"]
[SourceQuality "1"]

1. e4 c5 2. Nf3 e6 3. d4 cxd4 4. Nxd4 a6 5. Bd3 Nf6 6. O-O Qc7 7. c4 Nc6 8. Be3 Ne5 9. h3 d6 10. Nc3 b6 11. f4 Nxd3 12. Qxd3 Bb7 13. f5 e5 14. Nde2 Rc8 15. b3 Be7 16. Rac1 O-O 17. Nd5 Bxd5 18. cxd5 Qb7 19. a4 b5 20. Nc3 bxa4 21. bxa4 Qb4 22. Kh2 Qc4 23. Qc2 Bd8 24. Rf3 Ba5 25. Bg5 Rb8 26. Bxf6 gxf6 27. Qd2 Kh8 28. Qh6 Rg8 29. Qxf6+ Rg7 30. Qxd6 Rbg8 31. Rc2 Bxc3 32. Qf6 Qxe4 33. Rfxc3 Qf4+ 34. g3 Qxa4 35. Qxe5 Qa1 36. d6 h5 37. Qf6 h4 38. Qxh4+ Rh7 39. Qf6+ Rhg7 40. d7 Qa5 1-0

[Event "Hastings Challengers 1995/96"]
[Site "Hastings"]
[Date "1996.01.05"]
[Round "9"]
[White "Rausis, Igors"]
[Black "Ledger, David J"]
[Result "1/2-1/2"]
[WhiteElo "2515"]
[BlackElo "2305"]
[PlyCount "55"]
[EventDate "1995.12.28"]
[EventType "swiss"]
[EventRounds "11"]
[EventCountry "ENG"]
[SourceTitle "BritBase"]
[Source "John Saunders"]
[SourceDate "2025.01.31"]
[SourceVersion "1"]
[SourceVersionDate "2025.01.31"]
[SourceQuality "1"]

1. e4 e5 2. Nf3 Nc6 3. Nc3 Nf6 4. d4 exd4 5. Nxd4 Bb4 6. Nxc6 bxc6 7. Bd3 O-O 8. O-O d5 9. exd5 cxd5 10. Bg5 c6 11. Na4 Bd6 12. Re1 Rb8 13. c4 Be6 14. Rc1 a5 15. cxd5 Bxd5 16. Bc4 Rb4 17. Bxd5 cxd5 18. b3 h6 19. Bxf6 Qxf6 20. Qxd5 Rd4 21. Qxa5 Bxh2+ 22. Kxh2 Qxf2 23. Rc4 Qh4+ 24. Kg1 Rxc4 25. bxc4 Qd4+ 26. Kh2 Qh4+ 27. Kg1 Qd4+ 28. Kh2 1/2-1/2

[Event "Hastings Challengers 1995/96"]
[Site "Hastings"]
[Date "1996.01.05"]
[Round "9"]
[White "Sher, Miron Naumovich"]
[Black "Heinzel, Olaf"]
[Result "1-0"]
[WhiteElo "2510"]
[BlackElo "2310"]
[PlyCount "145"]
[EventDate "1995.12.28"]
[EventType "swiss"]
[EventRounds "11"]
[EventCountry "ENG"]
[SourceTitle "BritBase"]
[Source "John Saunders"]
[SourceDate "2025.01.31"]
[SourceVersion "1"]
[SourceVersionDate "2025.01.31"]
[SourceQuality "1"]

1. c4 Nf6 2. Nc3 c5 3. Nf3 d5 4. cxd5 Nxd5 5. g3 Nc6 6. Bg2 Nc7 7. O-O e5 8. d3 Be7 9. Nd2 O-O 10. Nc4 f6 11. a4 Be6 12. Be3 Qd7 13. a5 Rab8 14. Qa4 Nd4 15. Rfc1 Rfd8 16. Qxd7 Rxd7 17. Nd2 Nf5 18. Ra4 Nxe3 19. fxe3 Kf7 20. Kf2 Ne8 21. Nb5 a6 22. Na3 Nc7 23. Nac4 Nd5 24. Bxd5 Rxd5 25. Ne4 Bd7 26. Raa1 Bf5 27. Nc3 Rd7 28. Nb6 Rc7 29. Ncd5 Rc6 30. e4 Be6 31. Ne3 Rd8 32. Nbd5 Bf8 33. Nb6 Rd4 34. Rc3 Rb4 35. Nbc4 Bxc4 36. Nxc4 Be7 37. Ke3 Ke6 38. Kd2 Bd8 39. Kc2 Rb5 40. Rca3 Rb4 41. Ra4 Rxa4 42. Rxa4 Kd7 43. Ra1 Rd6 44. Kb3 Kc6 45. Ka4 b5+ 46. axb6 Bxb6 47. Rc1 Kb7 48. g4 Bc7 49. Kb3 Kc6 50. Ne3 Ba5 51. Ra1 Kb5 52. Nf5 g6 53. Ne3 Rc6 54. Nd5 Bd8 55. Nc3+ Kb6 56. Kc4 Rd6 57. Nd5+ Kb7 58. Rf1 Kc6 59. h4 Rd7 60. Rf3 Rb7 61. b3 Rf7 62. Rf1 a5 63. g5 f5 64. exf5 gxf5 65. Ne3 f4 66. Ng4 Kd6 67. Nf2 Rb7 68. Ne4+ Kc6 69. Rg1 Rb4+ 70. Kc3 a4 71. bxa4 Ba5 72. Kc2 Rxa4 73. h5 1-0

[Event "Hastings Challengers 1995/96"]
[Site "Hastings"]
[Date "1996.01.05"]
[Round "9"]
[White "Straeter, Timo"]
[Black "Marusenko, Petr"]
[Result "1-0"]
[WhiteElo "2310"]
[BlackElo "2305"]
[PlyCount "83"]
[EventDate "1995.12.28"]
[EventType "swiss"]
[EventRounds "11"]
[EventCountry "ENG"]
[SourceTitle "BritBase"]
[Source "John Saunders"]
[SourceDate "2025.01.31"]
[SourceVersion "1"]
[SourceVersionDate "2025.01.31"]
[SourceQuality "1"]

1. Nf3 g6 2. e4 c5 3. c3 Bg7 4. d4 cxd4 5. cxd4 d5 6. exd5 Nf6 7. Bb5+ Nbd7 8. Nc3 O-O 9. Bxd7 Qxd7 10. Qb3 Rd8 11. Ne5 Qd6 12. Bf4 Qb6 13. Qc4 e6 14. O-O Nxd5 15. Nxd5 Rxd5 16. Rfd1 Bd7 17. Rac1 Be8 18. Be3 Rad8 19. Re1 Qb5 20. Qc7 Qxb2 21. Rb1 Qxa2 22. h3 Qa5 23. Qe7 Bf8 24. Qh4 Bc6 25. Nxf7 Kxf7 26. Qxh7+ Bg7 27. Bh6 Rg8 28. Rxe6 Rg5 29. Rxc6 Rxg2+ 30. Kh1 bxc6 31. Rb7+ Kf6 32. Bxg7+ Kf5 33. Rf7+ Ke4 34. Qxg8 Rg5 35. Qe8+ Kd5 36. Qd7+ Kc4 37. Qxc6+ Kd3 38. Rf3+ Kd2 39. d5 Qxd5 40. Qc3+ Kd1 41. Bd4 Ke2 42. Qd3+ 1-0

[Event "Hastings Challengers 1995/96"]
[Site "Hastings"]
[Date "1996.01.05"]
[Round "9"]
[White "Suetin, Alexey S"]
[Black "Schroeder, Wilfried"]
[Result "1/2-1/2"]
[WhiteElo "2445"]
[BlackElo "2245"]
[PlyCount "43"]
[EventDate "1995.12.28"]
[EventType "swiss"]
[EventRounds "11"]
[EventCountry "ENG"]
[SourceTitle "BritBase"]
[Source "John Saunders"]
[SourceDate "2025.01.31"]
[SourceVersion "1"]
[SourceVersionDate "2025.01.31"]
[SourceQuality "1"]

1. e4 c6 2. d4 d5 3. e5 Bf5 4. Nf3 e6 5. Be2 Nd7 6. Be3 c5 7. c4 dxc4 8. Bxc4 cxd4 9. Nxd4 Bxb1 10. Rxb1 Qa5+ 11. b4 Qxe5 12. O-O Ngf6 13. Nf3 Qb8 14. Re1 Bd6 15. h3 O-O 16. Qb3 Ne5 17. Nxe5 Bxe5 18. Rbd1 Qc7 19. Rc1 Qb8 20. Rcd1 Qc7 21. Rc1 Qb8 22. Rcd1 1/2-1/2

[Event "Hastings Challengers 1995/96"]
[Site "Hastings"]
[Date "1996.01.05"]
[Round "9"]
[White "Williams, Leighton"]
[Black "Stoeber, Michael"]
[Result "0-1"]
[WhiteElo "2110"]
[BlackElo "2250"]
[PlyCount "116"]
[EventDate "1995.12.28"]
[EventType "swiss"]
[EventRounds "11"]
[EventCountry "ENG"]
[SourceTitle "BritBase"]
[Source "John Saunders"]
[SourceDate "2025.01.31"]
[SourceVersion "1"]
[SourceVersionDate "2025.01.31"]
[SourceQuality "1"]

1. d4 Nf6 2. c4 g6 3. Nc3 Bg7 4. e4 d6 5. Be2 O-O 6. Nf3 Nbd7 7. h4 e5 8. d5 Nc5 9. Nd2 a5 10. g4 c6 11. g5 Nfd7 12. Nf1 cxd5 13. cxd5 a4 14. Ne3 f5 15. f3 fxe4 16. fxe4 a3 17. b4 Na6 18. Rb1 Qb6 19. Qb3 Rf7 20. Ng4 Nf8 21. Be3 Qd8 22. Qxa3 Bxg4 23. Bxg4 Nc5 24. Qxa8 Nd3+ 25. Kd2 Qxa8 26. Kxd3 Rc7 27. Rhf1 Nd7 28. Be6+ Kh8 29. Rf7 Qa6+ 30. Kd2 Qc4 31. Rb3 Nf8 32. Rxc7 Qxc7 33. Nb5 Qe7 34. Bg4 Qf7 35. Be2 Qd7 36. Bg1 h6 37. Rc3 hxg5 38. hxg5 Nh7 39. Rc7 Qh3 40. Be3 Bf8 41. Rxb7 Qg2 42. Rb8 Kg7 43. Nc7 Be7 44. Ne6+ Kf7 45. Kd3 Nxg5 46. Nxg5+ Bxg5 47. Bxg5 Qxg5 48. b5 Qg1 49. b6 Qd4+ 50. Kc2 Qxe4+ 51. Bd3 Qa4+ 52. Kd2 Qb4+ 53. Kd1 Qd4 54. b7 Qxd3+ 55. Ke1 Qb1+ 56. Ke2 Qxa2+ 57. Kf1 Qb1+ 58. Kg2 Kg7 0-1

[Event "Hastings Challengers 1995/96"]
[Site "Hastings"]
[Date "1996.01.05"]
[Round "9"]
[White "Wilson, Jonathan G"]
[Black "Almond, Richard JA"]
[Result "1-0"]
[WhiteElo "2245"]
[BlackElo "2070"]
[PlyCount "105"]
[EventDate "1995.12.28"]
[EventType "swiss"]
[EventRounds "11"]
[EventCountry "ENG"]
[SourceTitle "BritBase"]
[Source "John Saunders"]
[SourceDate "2025.01.31"]
[SourceVersion "1"]
[SourceVersionDate "2025.01.31"]
[SourceQuality "1"]

1. d4 d5 2. c4 e6 3. Nc3 Nf6 4. cxd5 exd5 5. Bg5 Be7 6. e3 c6 7. Qc2 Nbd7 8. Bd3 O-O 9. Nge2 Re8 10. O-O Nf8 11. f3 Nh5 12. Bxe7 Qxe7 13. e4 Be6 14. e5 g6 15. f4 Ng7 16. Ng3 c5 17. f5 gxf5 18. Nb5 cxd4 19. Nd6 Red8 20. Bxf5 Rd7 21. Qd2 Ng6 22. Bxg6 hxg6 23. Qxd4 b6 24. Rac1 Ne8 25. Nxe8 Rxe8 26. Rc6 Rc7 27. Rfc1 Rec8 28. Rxc7 Rxc7 29. Rxc7 Qxc7 30. Ne2 Qc2 31. Kf2 Bf5 32. Ke3 Be4 33. g3 Qb1 34. a3 Qh1 35. h4 Qg2 36. Qd2 Qf3+ 37. Kd4 Qf2+ 38. Qe3 Qe1 39. Nc3 Qf1 40. Nxd5 Bxd5 41. Kxd5 Qb5+ 42. Kd6 Qxb2 43. h5 gxh5 44. Ke7 Qc2 45. Qg5+ Kh7 46. Qxh5+ Kg7 47. Qxf7+ Kh6 48. Qf4+ Kg7 49. Qg5+ Kh7 50. Kf6 Qc7 51. Qg6+ Kh8 52. Qe8+ Kh7 53. Qf7+ 1-0

[Event "Hastings Challengers 1995/96"]
[Site "Hastings"]
[Date "1996.01.05"]
[Round "9"]
[White "Barton, R Alan"]
[Black "De Coverly, Roger D"]
[Result "0-1"]
[WhiteElo "2245"]
[BlackElo "2105"]
[PlyCount "82"]
[EventDate "1995.12.28"]
[EventType "swiss"]
[EventRounds "11"]
[EventCountry "ENG"]
[SourceTitle "BritBase"]
[Source "John Saunders"]
[SourceDate "2025.01.31"]
[SourceVersion "1"]
[SourceVersionDate "2025.01.31"]
[SourceQuality "1"]

1. e4 e5 2. Nc3 Nc6 3. g3 Be7 4. Bg2 d6 5. d3 Nf6 6. h3 Nd4 7. Be3 c5 8. Qd2 Rb8 9. Nd1 O-O 10. c3 Ne6 11. Ne2 d5 12. Qc2 d4 13. Bd2 Bd7 14. O-O b5 15. cxd4 cxd4 16. b4 a5 17. a3 axb4 18. axb4 Ra8 19. Rxa8 Qxa8 20. f4 Rc8 21. Qb2 Qa4 22. fxe5 Rc2 23. exf6 Rxb2 24. Nxb2 Qc2 25. fxe7 Qxd2 26. Ra1 f6 27. Ra7 Be8 28. Bf3 Ng5 29. Bg4 h5 30. h4 hxg4 31. hxg5 Qxe2 32. gxf6 gxf6 33. Ra2 Qc2 34. Ra1 Qxb2 35. Rf1 Qxb4 36. e5 Qxe7 37. exf6 Qe3+ 38. Kh2 Qe2+ 39. Kg1 Bc6 40. f7+ Kf8 41. Rf2 Qe1+ {Source: Roger de Coverly,  11 August 2024} 0-1

[Event "Hastings Challengers 1995/96"]
[Site "Hastings"]
[Date "1996.01.06"]
[Round "10"]
[White "Pert, Richard G"]
[Black "Franklin, Michael J"]
[Result "1/2-1/2"]
[WhiteElo "2110"]
[BlackElo "2260"]
[PlyCount "107"]
[EventDate "1995.12.28"]
[EventType "swiss"]
[EventRounds "11"]
[EventCountry "ENG"]
[SourceTitle "BritBase"]
[Source "John Saunders"]
[SourceDate "2025.01.31"]
[SourceVersion "1"]
[SourceVersionDate "2025.01.31"]
[SourceQuality "1"]

1. e4 c5 2. Nf3 a6 3. Nc3 b5 4. d4 cxd4 5. Nxd4 Bb7 6. Bd3 e6 7. a3 Ne7 8. O-O Nbc6 9. Nxc6 Nxc6 10. Kh1 Be7 11. f4 O-O 12. b3 b4 13. axb4 Nxb4 14. Bb2 Qc7 15. Qe2 Nxd3 16. Qxd3 f5 17. Qg3 Rf6 18. exf5 exf5 19. Qd3 Rd6 20. Qc4+ Qxc4 21. bxc4 Rd2 22. Nd5 Bxd5 23. cxd5 Rxc2 24. Ba3 Bxa3 25. Rxa3 Rd2 26. Ra5 Re8 27. Rxa6 Ree2 28. Rd6 Rxg2 29. Re1 Rxh2+ 30. Kg1 Rhg2+ 31. Kh1 h5 32. Rb6 h4 33. d6 h3 34. Rb8+ Kf7 35. Re7+ Kg6 36. Rxg7+ Kxg7 37. Rg8+ Kf7 38. Rf8+ Ke6 39. Re8+ Kd5 40. Re5+ Kd4 41. Rd5+ Ke4 42. Rd4+ Kf3 43. Rd3+ Kg4 44. Rg3+ Kh4 45. Rxh3+ Kg4 46. Rg3+ Kxf4 47. Rf3+ Ke4 48. Rf4+ Ke3 49. Re4+ Kf2 50. Rf4+ Ke1 51. Rf1+ Ke2 52. Re1+ Kf3 53. Re3+ Kg4 54. Rg3+ 1/2-1/2

[Event "Hastings Challengers 1995/96"]
[Site "Hastings"]
[Date "1996.01.06"]
[Round "10"]
[White "Avni, Amatzia"]
[Black "Ledger, Stephen C"]
[Result "1/2-1/2"]
[WhiteElo "2360"]
[BlackElo "2260"]
[PlyCount "55"]
[EventDate "1995.12.28"]
[EventType "swiss"]
[EventRounds "11"]
[EventCountry "ENG"]
[SourceTitle "BritBase"]
[Source "John Saunders"]
[SourceDate "2025.01.31"]
[SourceVersion "1"]
[SourceVersionDate "2025.01.31"]
[SourceQuality "1"]

1. d4 Nf6 2. Nf3 c5 3. e3 g6 4. c4 Bg7 5. Nc3 O-O 6. Be2 d6 7. O-O Bf5 8. b3 Ne4 9. Bb2 Nc6 10. Nxe4 Bxe4 11. Qd2 e6 12. Rfd1 Qf6 13. Rac1 Rad8 14. Bc3 Qe7 15. Ne1 g5 16. d5 Ne5 17. f3 Bg6 18. e4 f5 19. exf5 exf5 20. Nd3 f4 21. Nxe5 Bxe5 22. Bxe5 Qxe5 23. Re1 Rde8 24. Bf1 Qf6 25. Rcd1 Rxe1 26. Rxe1 Re8 27. Rxe8+ Bxe8 28. Be2 1/2-1/2

[Event "Hastings Challengers 1995/96"]
[Site "Hastings"]
[Date "1996.01.06"]
[Round "10"]
[White "Bronstein, David I"]
[Black "Flear, Glenn C"]
[Result "1/2-1/2"]
[WhiteElo "2445"]
[BlackElo "2495"]
[PlyCount "100"]
[EventDate "1995.12.28"]
[EventType "swiss"]
[EventRounds "11"]
[EventCountry "ENG"]
[SourceTitle "BritBase"]
[Source "John Saunders"]
[SourceDate "2025.01.31"]
[SourceVersion "1"]
[SourceVersionDate "2025.01.31"]
[SourceQuality "1"]

1. e4 e5 2. Nf3 Nc6 3. Bb5 a6 4. Ba4 Nf6 5. O-O Nxe4 6. d4 b5 7. Bb3 d5 8. dxe5 Be6 9. c3 Bc5 10. Qd3 O-O 11. Be3 Qd7 12. Nbd2 Bxe3 13. Qxe3 Nxd2 14. Qxd2 Rad8 15. Rad1 Qe7 16. h3 Na5 17. Bc2 c5 18. Ng5 g6 19. f4 Nc4 20. Qf2 f6 21. Nxe6 Qxe6 22. f5 gxf5 23. Bxf5 Qxe5 24. Rfe1 Qc7 25. Rxd5 Rxd5 26. Be6+ Kh8 27. Bxd5 Ne5 28. Qf5 c4 29. Be4 Qe7 30. Rd1 Rg8 31. Kh1 Re8 32. Bc2 Ng6 33. Rd7 Qe1+ 34. Kh2 Qe5+ 35. Kg1 Qxf5 36. Bxf5 Re2 37. h4 Rxb2 38. h5 Nf8 39. Rf7 Kg8 40. Rxf6 Rxa2 41. h6 Re2 42. Rxa6 Re3 43. Ra7 Rxc3 44. Rg7+ Kh8 45. Rb7 Kg8 46. Kf2 Rc1 47. Ke2 Rh1 48. Bh3 c3 49. Kd3 Rd1+ 50. Kxc3 Rd6 1/2-1/2

[Event "Hastings Challengers 1995/96"]
[Site "Hastings"]
[Date "1996.01.06"]
[Round "10"]
[White "Cherniaev, Alexander"]
[Black "Ledger, David J"]
[Result "1-0"]
[WhiteElo "2450"]
[BlackElo "2305"]
[PlyCount "57"]
[EventDate "1995.12.28"]
[EventType "swiss"]
[EventRounds "11"]
[EventCountry "ENG"]
[SourceTitle "BritBase"]
[Source "John Saunders"]
[SourceDate "2025.01.31"]
[SourceVersion "1"]
[SourceVersionDate "2025.01.31"]
[SourceQuality "1"]

1. e4 e5 2. Nf3 Nc6 3. Bb5 a6 4. Ba4 Nf6 5. O-O Nxe4 6. d4 b5 7. Bb3 d5 8. dxe5 Be6 9. c3 Bc5 10. Qd3 O-O 11. Be3 Bxe3 12. Qxe3 Qd7 13. Nd4 Nxd4 14. cxd4 f5 15. f3 f4 16. Qc1 Ng5 17. Nc3 h6 18. Ne2 Qf7 19. Qc6 Ra7 20. h4 Nh7 21. Nxf4 Qxf4 22. Qxe6+ Kh8 23. Qxd5 Qxh4 24. f4 Raa8 25. Rac1 Rae8 26. Qc6 Re7 27. Rcd1 Rxf4 28. Qa8+ Nf8 29. Qd8 1-0

[Event "Hastings Challengers 1995/96"]
[Site "Hastings"]
[Date "1996.01.06"]
[Round "10"]
[White "Damm, Fabian"]
[Black "Brustkern, Juergen"]
[Result "1/2-1/2"]
[WhiteElo "2205"]
[BlackElo "2215"]
[PlyCount "33"]
[EventDate "1995.12.28"]
[EventType "swiss"]
[EventRounds "11"]
[EventCountry "ENG"]
[SourceTitle "BritBase"]
[Source "John Saunders"]
[SourceDate "2025.01.31"]
[SourceVersion "1"]
[SourceVersionDate "2025.01.31"]
[SourceQuality "1"]

1. d4 Nf6 2. c4 g6 3. Nc3 Bg7 4. e4 d6 5. Nf3 O-O 6. Be2 e5 7. O-O exd4 8. Nxd4 Nc6 9. f3 Nh5 10. Nc2 Be5 11. g4 Bxh2+ 12. Kxh2 Qh4+ 13. Kg1 Qg3+ 14. Kh1 Qh3+ 15. Kg1 Qg3+ 16. Kh1 Qh3+ 17. Kg1 1/2-1/2

[Event "Hastings Challengers 1995/96"]
[Site "Hastings"]
[Date "1996.01.06"]
[Round "10"]
[White "Dearing, Eddie"]
[Black "Lalic, Susan Kathryn"]
[Result "0-1"]
[WhiteElo "2060"]
[BlackElo "2315"]
[PlyCount "78"]
[EventDate "1995.12.28"]
[EventType "swiss"]
[EventRounds "11"]
[EventCountry "ENG"]
[SourceTitle "BritBase"]
[Source "John Saunders"]
[SourceDate "2025.01.31"]
[SourceVersion "1"]
[SourceVersionDate "2025.01.31"]
[SourceQuality "1"]

1. d4 Nf6 2. c4 e6 3. Nc3 Bb4 4. f3 d5 5. a3 Bxc3+ 6. bxc3 c5 7. cxd5 Nxd5 8. Qd3 cxd4 9. cxd4 b6 10. e4 Ba6 11. Qb3 Bxf1 12. Kxf1 Ne7 13. Ne2 O-O 14. Kf2 Nbc6 15. Rd1 Qd7 16. Be3 Na5 17. Qa2 Rac8 18. Kg1 Nc4 19. Bf2 b5 20. Rab1 a6 21. a4 Ra8 22. Nf4 h6 23. Nd3 Rfc8 24. Nc5 Qc6 25. Rd3 Nb6 26. Rbd1 Nxa4 27. Nxa4 bxa4 28. Qa3 Qd7 29. d5 e5 30. d6 Ng6 31. g3 Rc2 32. Rb1 Rac8 33. Rb4 Qh3 34. Rd1 Rxf2 35. Kxf2 Qxh2+ 36. Kf1 Rc2 37. Rb8+ Kh7 38. Qe3 Qh1+ 39. Qg1 Qxf3+ 0-1

[Event "Hastings Challengers 1995/96"]
[Site "Hastings"]
[Date "1996.01.06"]
[Round "10"]
[White "Emms, John M"]
[Black "Buckley, Graeme N"]
[Result "1-0"]
[WhiteElo "2485"]
[BlackElo "2355"]
[PlyCount "77"]
[EventDate "1995.12.28"]
[EventType "swiss"]
[EventRounds "11"]
[EventCountry "ENG"]
[SourceTitle "BritBase"]
[Source "John Saunders"]
[SourceDate "2025.01.31"]
[SourceVersion "1"]
[SourceVersionDate "2025.01.31"]
[SourceQuality "1"]

1. e4 c5 2. c3 d6 3. d4 Nf6 4. Bd3 Qc7 5. Nf3 Bg4 6. Nbd2 cxd4 7. cxd4 Nc6 8. h3 Bd7 9. a3 e5 10. d5 Ne7 11. O-O Ng6 12. Re1 Nf4 13. Bf1 g5 14. Nxg5 Rg8 15. Ndf3 Nxh3+ 16. Nxh3 Bxh3 17. Bg5 Be7 18. Rc1 Qd7 19. Qb3 a6 20. Bxf6 Bxf6 21. Nh2 Bg5 22. Rc4 Rc8 23. Rxc8+ Qxc8 24. Re2 Bd8 25. Rc2 Qd7 26. Rc4 Kf8 27. Qe3 Rg7 28. Qh6 Kg8 29. Rc3 Bg4 30. Rg3 Bb6 31. Be2 f5 32. Bxg4 fxg4 33. Qh4 Qc8 34. Nxg4 Kh8 35. Nf6 Rf7 36. Qg5 Bxf2+ 37. Kxf2 Qc5+ 38. Kf1 Qc4+ 39. Kg1 1-0

[Event "Hastings Challengers 1995/96"]
[Site "Hastings"]
[Date "1996.01.06"]
[Round "10"]
[White "Ferguson, Mark"]
[Black "McNab, Colin Anderson"]
[Result "0-1"]
[WhiteElo "2360"]
[BlackElo "2440"]
[PlyCount "78"]
[EventDate "1995.12.28"]
[EventType "swiss"]
[EventRounds "11"]
[EventCountry "ENG"]
[SourceTitle "BritBase"]
[Source "John Saunders"]
[SourceDate "2025.01.31"]
[SourceVersion "1"]
[SourceVersionDate "2025.01.31"]
[SourceQuality "1"]

1. e4 g6 2. d4 d6 3. Nc3 c6 4. Nf3 Bg7 5. a4 Nf6 6. Be2 Qc7 7. O-O Nbd7 8. h3 O-O 9. Be3 b6 10. Qd2 Bb7 11. Rfd1 Rad8 12. Bh6 a6 13. Bxg7 Kxg7 14. Qe3 e5 15. dxe5 dxe5 16. Nd2 b5 17. b4 c5 18. bxc5 b4 19. Na2 Nxc5 20. Nxb4 a5 21. Nd5 Bxd5 22. exd5 Nxd5 23. Qa3 Ne6 24. Bc4 Nd4 25. Rac1 Nc3 26. Re1 Nde2+ 27. Bxe2 Rxd2 28. Bf1 Rfd8 29. Re3 Nd1 30. Re2 Rxe2 31. Bxe2 Nc3 32. Re1 Rd2 33. Bf1 Qb6 34. Re3 Nd1 35. Qb3 Qa7 36. Rf3 Rxf2 37. Kh2 Rxf3 38. Qxf3 Qd4 39. Qd3 Qf4+ 0-1

[Event "Hastings Challengers 1995/96"]
[Site "Hastings"]
[Date "1996.01.06"]
[Round "10"]
[White "Gottschlich, Carsten"]
[Black "McCamon, Boyd T"]
[Result "1/2-1/2"]
[WhiteElo "2170"]
[BlackElo "2305"]
[PlyCount "118"]
[EventDate "1995.12.28"]
[EventType "swiss"]
[EventRounds "11"]
[EventCountry "ENG"]
[SourceTitle "BritBase"]
[Source "John Saunders"]
[SourceDate "2025.01.31"]
[SourceVersion "1"]
[SourceVersionDate "2025.01.31"]
[SourceQuality "1"]

1. c4 g6 2. Nc3 Bg7 3. g3 d6 4. Bg2 e5 5. Nf3 f5 6. O-O Nf6 7. d4 e4 8. Ne1 O-O 9. f3 exf3 10. Nxf3 a5 11. Qd3 c6 12. Bg5 Qb6 13. Rae1 Na6 14. Kh1 Nb4 15. Qb1 Re8 16. Bf4 Ne4 17. a3 Na6 18. e3 Qd8 19. Nxe4 fxe4 20. Ng5 d5 21. Nf7 Qd7 22. Bh6 Qe7 23. Bxg7 Kxg7 24. Ne5 Be6 25. c5 Nb8 26. Rf4 Nd7 27. Nxd7 Qxd7 28. Ref1 Rf8 29. Rxf8 Rxf8 30. Rxf8 Kxf8 31. Qe1 Qc7 32. Qf2+ Kg7 33. Qf4 Qxf4 34. gxf4 Kf6 35. h4 h6 36. Kh2 Bc8 37. Kg3 Bd7 38. Bf1 Bc8 39. Be2 h5 40. Bf1 Bg4 41. Kf2 Kf5 42. b4 axb4 43. axb4 Kf6 44. b5 Bd7 45. Ke1 Ke7 46. Be2 Kd8 47. bxc6 bxc6 48. Bd1 Ke7 49. Ba4 Kf6 50. Bd1 Ke7 51. Kd2 Bf5 52. Kc3 Kd7 53. Ba4 Kc7 54. Kd2 Bg4 55. Ke1 Bf5 56. Kf2 Kd7 57. Kg3 Kc7 58. Bd1 Kd7 59. Be2 Kc7 1/2-1/2

[Event "Hastings Challengers 1995/96"]
[Site "Hastings"]
[Date "1996.01.06"]
[Round "10"]
[White "Haslinger, Stewart G"]
[Black "Ledger, Andrew J"]
[Result "0-1"]
[WhiteElo "2145"]
[BlackElo "2410"]
[PlyCount "70"]
[EventDate "1995.12.28"]
[EventType "swiss"]
[EventRounds "11"]
[EventCountry "ENG"]
[SourceTitle "BritBase"]
[Source "John Saunders"]
[SourceDate "2025.01.31"]
[SourceVersion "1"]
[SourceVersionDate "2025.01.31"]
[SourceQuality "1"]

1. e4 c6 2. d4 d5 3. Nd2 dxe4 4. Nxe4 Nd7 5. Nf3 Ngf6 6. Ng3 c5 7. Bc4 e6 8. O-O cxd4 9. Nxd4 Bc5 10. Be3 O-O 11. Bb3 b6 12. c3 Bb7 13. Nc2 Qc7 14. Qe2 Ne5 15. Bxc5 Qxc5 16. Ne3 Ng6 17. Qc4 Qe7 18. Ng4 Rac8 19. Qd4 Nxg4 20. Qxg4 Rc5 21. Rad1 h5 22. Qd4 h4 23. Ne4 Rh5 24. Rfe1 h3 25. Qd7 Qxd7 26. Rxd7 Rb8 27. Nd6 Bxg2 28. Nxf7 Nh4 29. Bd1 Rf5 30. Ne5 Rbf8 31. Rd2 Rg5 32. f4 Rxf4 33. Rd8+ Kh7 34. Ng4 Nf3+ 35. Bxf3 Bxf3 0-1